iphone models by date - Statistics

General Stats
  • This quiz has been taken 226 times
  • The average score is 12 of 13
Answer Stats
Date Model % Correct
June 24 2010 Iphone 4
97%
September 19 2014 Iphone 6
97%
September 19 2014 Iphone 6+
97%
September 21 2021 Iphone 5
96%
June 29 2007 Iphone
93%
September 20 2013 Iphone 5S
92%
October 14 2011 Iphone 4S
91%
July 11 2008 Iphone 3G
86%
September 25 2015 Iphone 6S
85%
September 25 2015 Iphone 6S+
85%
September 20 2013 Iphone 5c
82%
June 19 2009 Iphone 3GS
81%
March 2016 Iphone SE
71%
No matching quizzes found
Score Distribution
Percent of People with Each Score
Percentile by Number Answered
Your Score History
You have not taken this quiz